000 00740nam a2200253Ia 4500
003 OSt
005 20220925192248.0
006 a|||||r|||| 00| 0
007 ta
008 220923b |||||||| |||| 00| 0 eng d
037 _cGeneral Book
040 _aRTL
_cRTL
_beng
041 _2eng
_aeng
082 _aY:3(NW).73.N6, M8
100 _aDoherty Thomas
_9147293
245 0 _aTeenagers and teenpics
_bThe Juvenilization of Ame
260 _aBoston
_bUnwin Hyman
_c1988
300 _axi,275p
_ccm.
490 _aMedia and Popular Culture.3
500 _aBibliography P 245-61
650 _aFine Art Society
_9239872
942 _hY:3(NW).73.N6, M8
_cGB
_2CC
999 _c521544
_d521544